Lov začíná očima : vzpomínky /

Hlavní autor: Lamr, Aleš, 1943-2024
Jazyk: Čeština
Vydáno: Praha : Pulchra, 2018
Vydání: 1. vydání
Témata:
Fyzický popis: 526 stran : ilustrace (některé barevné), portréty ; 20 cm
Knihy
Uloženo v:
LEADER 01980nam a2200553 i 4500
001 nkc20193077224
003 CZ PrNK
005 20190320104821.0
007 ta
008 190220s2018 xr ac e 001 0acze
015 |a cnb003077224 
020 |a 978-80-7564-031-4  |q (brožováno) 
035 |a (OCoLC)1096289747 
040 |a ABA001  |b cze  |e rda 
043 |a e-xr--- 
045 |a x4y1 
072 7 |a 75  |x Malířství  |2 Konspekt  |9 21 
072 7 |a 929  |x Biografie  |2 Konspekt  |9 8 
080 |a 75.071.1  |2 MRF 
080 |a 929  |2 MRF 
080 |a 7.011:316.72/.75  |2 MRF 
080 |a 001.83-027.22  |2 MRF 
080 |a (437.3)  |2 MRF 
080 |a (0:82-94)  |2 MRF 
100 1 |a Lamr, Aleš,  |d 1943-2024  |7 jn20000401597  |4 aut 
245 1 0 |a Lov začíná očima :  |b vzpomínky /  |c Aleš Lamr 
250 |a 1. vydání 
264 1 |a Praha :  |b Pulchra,  |c 2018 
300 |a 526 stran :  |b ilustrace (některé barevné), portréty ;  |c 20 cm 
336 |a text  |b txt  |2 rdacontent 
337 |a bez média  |b n  |2 rdamedia 
338 |a svazek  |b nc  |2 rdacarrier 
500 |a Obsahuje rejstřík 
600 1 7 |a Lamr, Aleš,  |d 1943-2024  |7 jn20000401597  |2 czenas 
648 4 |a 1943-2018 
648 7 |a 20.-21. století  |7 ch462155  |2 czenas 
650 0 7 |a malíři  |7 ph122596  |z Česko  |y 20.-21. století  |2 czenas 
650 0 7 |a umění a společnost  |7 ph126924  |z Česko  |y 20.-21. století  |2 czenas 
650 0 7 |a intelektuální život  |7 ph137688  |z Česko  |y 20.-21. století  |2 czenas 
650 0 9 |a painters  |z Czechia  |y 20th-21st centuries  |2 eczenas 
650 0 9 |a art and society  |z Czechia  |y 20th-21st centuries  |2 eczenas 
650 0 9 |a intellectual life  |z Czechia  |y 20th-21st centuries  |2 eczenas 
655 7 |a autobiografické vzpomínky  |7 fd131854  |2 czenas 
655 9 |a autobiographical reminiscences  |2 eczenas 
910 2 |a BOA001  |b 1-1423.576 
990 |a BK 
995 |a 01 
991 |b 201902  |c NOV 
996 6 |b 2610772425  |c 1-1423.576  |l MZK  |r Sklad / do 1 hodiny  |n 0  |p p.v.  |w 001709991  |u 000010  |a 1  |e BOA001  |j MZK50  |s P